BIBLIOTHÈQUE DE LA MAISON DU MEXIQUE

Logo 1 Logo 2

Tezcatlipoca (notice nᵒ 1251)

détails MARC
000 -Sello discográfico
campo de control de longitud fija 01006nam a2200313 4500
005 - Identificación de versión
campo de control 20251016082659.0
010 ## - Número Estándar Internacional de Libros (ISBN)
Número (ISBN) 968-36-1548-1
035 ## - Otros números de control del sistema
Número de control del sistema 20934
099 ## - fechas locales
Tipo de ítem Koha LIBRO
100 ## - Datos de procesamiento general
Datos de procesamiento general 19961009d1991 m y1spay5003 ba
105 ## - Campo de datos codificados: Material textual, monográfico
Datos codificados de monografía a 001zy
200 1# - Título y mención de responsabilidad
Título propio Tezcatlipoca
Designación general del material texto impreso
Otra información del título elementos de una teología nahua
Primer mención de responsabilidad Luis Barjau
205 ## - Declaración de edición
Declaración de edición 1a ed
210 ## - Publicación, distribución, etc.
Lugar de publicación, distribución, etc. México
Nombre del editor, distribuidor, etc. Universidad Nacional Autónoma de México, Coordinación de Humanidades
Fecha de publicación, distribución, etc. 1991
215 ## - Descripción física
Designación de material específico y extensión del ítem 111 p
Otras características físicas il.
Dimensiones 22 cm
300 ## - Notas generales
Texto de la nota Seminario de Estudios Prehispánicos para la Descolonización de México
345 ## - Nota de información de adquisición
Fuente de adquisición/dirección de la suscripción [OBSOLETO] Intercambio
600 ## - Nombre personal usado como materia
Elemento de entrada Tezcatlipoca (Deidad azteca)
Número Koha 3292
606 ## - Término temático usado como materia
Elemento de entrada Nahuas (Indios)
Subdivisión temática Religión y mitología
Número Koha 1360
660 ## - Código de área geográfica
Código MX
700 ## - Nombre personal - Responsabilidad primaria
Elemento de entrada Barjau
Parte del nombre distinta del elemento de entrada Luis
Fechas 1943-
Número Koha 3293
801 #0 - Fuente de origen
Agencia cm
900 ## -
-- 1/13294
900 ## -
-- 710962790\\091096
942 ## - ELEMENTOS DE ENTRADA SECUNDARIOS (KOHA)
Tipo de ítem Koha Livre
996 ## -
-- MEX
-- 751145101
-- MMAG
-- 005627
-- 972.014 B253T
-- 20211222LIV
Exemplaires
Estatus retirado Estado de daño Estado de pérdida Fecha de adquisición Biblioteca de origen Biblioteca actual Ubicación en estantería Código de barras Precio de reemplazo Signatura topográfica completa No para préstamo Tipo de ítem Koha Nota pública Nota no pública
      05/08/2025 Casa México Paris Casa México Paris   005627 05/08/2025 972.014 B253T   Livre 20211222LIV 751145101